Discourse across languages and cultures
Saved in:
| Main Authors: | , |
|---|---|
| Format: | Book |
| Language: | English |
| Published: |
Amsterdam
John Benjamins
2004
|
| Series: | Studies in Language Companion Series, 68
|
| Subjects: | |
| Tags: |
Add Tag
No Tags, Be the first to tag this record!
|
MARC
| LEADER | 00000nam a2200000 a 4500 | ||
|---|---|---|---|
| 001 | UCK2189 | ||
| 003 | CL-VaPUC | ||
| 008 | 041223e20040000NE |||||||||||||||||eng|d | ||
| 020 | |a 9027230781 | ||
| 082 | 0 | 4 | |a 401.41 |b MOD |2 21 |
| 100 | |a Moder, Carol Lynn |e autora |9 490006 | ||
| 700 | 0 | |a Martinovic-Zic, Aida |e author |9 490007 | |
| 245 | 1 | 0 | |a Discourse across languages and cultures |
| 300 | |a 361 p | ||
| 942 | |c BK | ||
| 945 | |d 20041223 00:00:00 |a cmena | ||
| 260 | |a Amsterdam |b John Benjamins |c 2004 | ||
| 650 | 0 | |a Análisis del discurso |9 256696 | |
| 650 | 0 | |a Pragmática |9 416307 | |
| 650 | 0 | |a Sociolingüística |9 263716 | |
| 650 | 0 | |a Comunicación intercultural |9 269907 | |
| 583 | |a last modification |c 20041223 00:00:00 |k Rodrigo Vera | ||
| 490 | 0 | |a Studies in Language Companion Series, 68 | |
| 999 | |c 311808 |d 311806 | ||
| 952 | |0 0 |1 0 |4 0 |6 401_410000000000000_MOD_2004 |7 0 |8 A |9 381466 |a FDOPOS |b FDOPOS |d 2019-11-21 |i 4089782 |o 401.41 MOD 2004 |p 4089782 |r 2025-01-22 |w 2019-11-21 |y BK |k MLA | ||